Embraer planes by picture - Statistics

General Stats
  • This quiz has been taken 21 times
  • The average score is 8 of 17
Answer Stats
Picture Answer % Correct
E190
100%
E170
94%
E175
88%
E195
88%
E190-E2
63%
E195-E2
63%
ERJ135
50%
ERJ145
50%
ERJ140
38%
E175-E2
31%
Phenom 100
31%
Legacy 600
25%
Phenom 300
25%
C-390
19%
Legacy 500
19%
Legacy 650
13%
Legacy 450
6%
No matching quizzes found
Score Distribution
Percent of People with Each Score
Percentile by Number Answered
Your Score History
You have not taken this quiz